Paroles S.O.S d'un terrien en détresse - Daniel Balavoine - Statistiques

Statistiques générales
  • Ce quiz a été pris 3 638 fois
  • Le résultat moyen est 124 sur 158
Statistiques - réponses
Réponse % Correct
de
96%
le
96%
un
95%
je
94%
les
94%
en
93%
à
92%
j'ai
92%
d'être
91%
S.O.S
91%
sur
91%
d'un
90%
jamais
90%
pieds
90%
Terre
90%
détresse
89%
être
89%
eu
89%
oiseau
89%
terrien
89%
ma
88%
dans
85%
haut
83%
mal
82%
peau
82%
j'aimerais
81%
j'suis
81%
monde
80%
Pourquoi
80%
pourquoi
80%
voici
80%
do
79%
meurs
79%
pleure
79%
plus
79%
Plus
79%
vis
79%
vu
79%
beau
78%
d'en
78%
la
78%
l'envers
78%
si
77%
des
76%
dodo
76%
ris
76%
voir
76%
l'enfant
72%
pas
71%
vie
71%
au
70%
c'était
70%
envie
69%
j'voudrais
69%
qui
69%
toujours
67%
mieux
66%
vers
66%
avec
64%
bandes
62%
comme
62%
m'attire
62%
dessinées
61%
l'univers
60%
métamorphose
60%
numéro
60%
envies
59%
chose
58%
confondu
58%
sens
58%
grand
57%
quelque
57%
autre
56%
tiré
56%
l'bon
55%
boulot
52%
métro
52%
loto
51%
robot
51%
crie
46%
venues
43%
crois
42%
ondes
42%
capter
39%
Aucun quiz correspondant
Distribution des résultats
% des personnes avec chaque résultat
Percentile par nombre de réponses
Votre historique - résultats
Vous n’avez pas pris ce quiz